000 00420nam a2200121Ia 4500
008 220214s9999 xx 000 0 und d
100 _aJacob James
245 4 _aThe Science, politics and economics of global climate change: Implications for the carbon sink projects
260 _bCurrent Science
_c2005
300 _a464-474
520 _aArticles bound received from Dr. James Jacob, Director, March 2021
942 _cRE
999 _c45405
_d45405